MARC-detaljer
| 000 -LEADER |
| fixed length control field |
03772cam a2200841 a 4500 |
| 001 - CONTROL NUMBER |
| control field |
8693280 |
| 003 - CONTROL NUMBER IDENTIFIER |
| control field |
LIBRIS |
| 005 - DATE AND TIME OF LATEST TRANSACTION |
| control field |
20210317123532.0 |
| 008 - FIXED-LENGTH DATA ELEMENTS--GENERAL INFORMATION |
| fixed length control field |
021001s2002 sw |||||||||||000 0|swe| |
| 020 ## - INTERNATIONAL STANDARD BOOK NUMBER |
| International Standard Book Number |
9189451554 |
| Qualifying information |
INB. |
| Terms of availability |
181:00 |
| 035 ## - SYSTEM CONTROL NUMBER |
| System control number |
(Bo)328428 |
| 035 ## - SYSTEM CONTROL NUMBER |
| System control number |
(Mo)b1491837 |
| 040 ## - CATALOGING SOURCE |
| Original cataloging agency |
NB |
| Description conventions |
a |
| 041 ## - LANGUAGE CODE |
| Language code of text/sound track or separate title |
swe |
| 082 04 - DEWEY DECIMAL CLASSIFICATION NUMBER |
| Classification number |
616 |
| Edition number |
22 (machine generated) |
| 083 0# - ADDITIONAL DEWEY DECIMAL CLASSIFICATION NUMBER |
| Classification number |
362.12 |
| Edition number |
22 (machine generated) |
| 084 ## - OTHER CLASSIFICATION NUMBER |
| Classification number |
Ve |
| Number source |
kssb/7 |
| 084 ## - OTHER CLASSIFICATION NUMBER |
| Classification number |
Vph |
| Number source |
kssb/7 |
| 084 ## - OTHER CLASSIFICATION NUMBER |
| Classification number |
Ve |
| Number source |
kssb/8 |
| 084 ## - OTHER CLASSIFICATION NUMBER |
| Classification number |
Vph |
| Number source |
kssb/8 |
| 100 1# - MAIN ENTRY--PERSONAL NAME |
| Personal name |
Fors, Mats, |
| Dates associated with a name |
1960- |
| Relationship |
aut |
| 245 10 - TITLE STATEMENT |
| Title |
Hos doktorn : |
| Remainder of title |
följ med till vårdcentralen / |
| Statement of responsibility, etc. |
Mats Fors, Erja Lempinen. |
| 264 #1 - PRODUCTION, PUBLICATION, DISTRIBUTION, MANUFACTURE, AND COPYRIGHT NOTICE |
| Place of production, publication, distribution, manufacture |
Stockholm : |
| Name of producer, publisher, distributor, manufacturer |
LL-förl. |
| Date of production, publication, distribution, manufacture, or copyright notice |
2002 |
| 264 #3 - PRODUCTION, PUBLICATION, DISTRIBUTION, MANUFACTURE, AND COPYRIGHT NOTICE |
| Place of production, publication, distribution, manufacture |
Kristianstad : |
| Name of producer, publisher, distributor, manufacturer |
Kristianstads boktr. |
| 300 ## - PHYSICAL DESCRIPTION |
| Extent |
71 s. |
| Other physical details |
färgill. |
| Dimensions |
21 x 23 cm |
| 490 1# - SERIES STATEMENT |
| Series statement |
Lättläst. |
| -- |
Fakta |
| 500 ## - GENERAL NOTE |
| Institution to which field applies |
Mo |
| General note |
svenska |
| 650 #4 - SUBJECT ADDED ENTRY--TOPICAL TERM |
| Topical term or geographic name entry element |
Vårdcentraler |
| 655 #4 - INDEX TERM--GENRE/FORM |
| Institution to which field applies |
Mo |
| Genre/form data or focus term |
Bok |
| 700 1# - ADDED ENTRY--PERSONAL NAME |
| Personal name |
Lempinen, Erja, |
| Dates associated with a name |
1956- |
| Relationship |
pht |
| 830 #0 - SERIES ADDED ENTRY--UNIFORM TITLE |
| Uniform title |
Lättläst |
| 887 ## - NON-MARC INFORMATION FIELD |
| Content of non-MARC field |
{"@id":"n5zwcz602qc94w7","modified":"2011-06-14T15:20:24+02:00","checksum":"161277496938"} |
| Source of data |
librisxl |
| 887 ## - NON-MARC INFORMATION FIELD |
| Content of non-MARC field |
{"@id":"mr0wnxks0qvslh3","modified":"2016-01-25T12:00:41+01:00","checksum":"171653931081"} |
| Source of data |
librisxl |
| 887 ## - NON-MARC INFORMATION FIELD |
| Content of non-MARC field |
{"@id":"hmtgwn9n02jggqp","modified":"2014-04-01T10:58:57+02:00","checksum":"163197870105"} |
| Source of data |
librisxl |
| 887 ## - NON-MARC INFORMATION FIELD |
| Content of non-MARC field |
{"@id":"v0659c6153v7vfd","modified":"2008-08-20T12:11:21+02:00","checksum":"186649114757"} |
| Source of data |
librisxl |
| 887 ## - NON-MARC INFORMATION FIELD |
| Content of non-MARC field |
{"@id":"chnc55rj4rdffmj","modified":"2016-03-07T09:47:29+01:00","checksum":"194780663239"} |
| Source of data |
librisxl |
| 887 ## - NON-MARC INFORMATION FIELD |
| Content of non-MARC field |
{"@id":"chnc509j22lrvst","modified":"2002-10-31T08:04:55+01:00","checksum":"158375465227"} |
| Source of data |
librisxl |
| 887 ## - NON-MARC INFORMATION FIELD |
| Content of non-MARC field |
{"@id":"djqq9w7k1k8c3dr","modified":"2009-03-03T12:25:27+01:00","checksum":"169713037695"} |
| Source of data |
librisxl |
| 887 ## - NON-MARC INFORMATION FIELD |
| Content of non-MARC field |
{"@id":"kpvk9tfq0qg7b26","modified":"2002-10-02T10:40:11+02:00","checksum":"183107030580"} |
| Source of data |
librisxl |
| 887 ## - NON-MARC INFORMATION FIELD |
| Content of non-MARC field |
{"@id":"jntj8sdp482hwcb","modified":"2002-10-02T10:39:55+02:00","checksum":"193896370634"} |
| Source of data |
librisxl |
| 887 ## - NON-MARC INFORMATION FIELD |
| Content of non-MARC field |
{"@id":"qv1qg0lw1ttqbwc","modified":"2002-10-02T10:40:22+02:00","checksum":"182767682775"} |
| Source of data |
librisxl |
| 887 ## - NON-MARC INFORMATION FIELD |
| Content of non-MARC field |
{"@id":"qv2dqp3w1q8pzsb","modified":"2011-12-06T14:59:50+01:00","checksum":"181777535689"} |
| Source of data |
librisxl |
| 887 ## - NON-MARC INFORMATION FIELD |
| Content of non-MARC field |
{"@id":"kpvkd6jq3pc41rs","modified":"2011-01-17T16:25:01+01:00","checksum":"190215592912"} |
| Source of data |
librisxl |
| 887 ## - NON-MARC INFORMATION FIELD |
| Content of non-MARC field |
{"@id":"w16xcqd23vztg4r","modified":"2003-05-15T16:00:11+02:00","checksum":"199296093792"} |
| Source of data |
librisxl |
| 887 ## - NON-MARC INFORMATION FIELD |
| Content of non-MARC field |
{"@id":"rw3bxvzx0zt6qpn","modified":"2011-03-29T15:37:52+02:00","checksum":"174825090764"} |
| Source of data |
librisxl |
| 942 ## - ADDED ENTRY ELEMENTS (KOHA) |
| Source of classification or shelving scheme |
Other/Generic Classification Scheme |
| Koha item type |
Bok |